000
00270nam a22001097a 4500
008
170125b xxu||||| |||| 00| 0 eng d
020
_a
9780073513720
041
_a
eng
080
_2
3RD
_a
61
245
_a
MEDICAL LANGUAGE FOR MODERN HEALTH CARE
_c
ALLAN, D
942
_2
udc
_c
BK
999
_c
3699
_d
3699